| 000 | 00447nam a2200169Ia 4500 | ||
|---|---|---|---|
| 008 | 230524s9999 xx 000 0 und d | ||
| 082 |
_a6 _bDUN |
||
| 100 |
_aRobert Dunlop _924022 |
||
| 245 | 0 | _aSAMs Teach Yourself DirectX 7(with CD) | |
| 250 | _a1ST | ||
| 260 |
_aNEW DELHI _bTechmedia _c2000 |
||
| 300 | _aXVII;541 | ||
| 500 | _aQuantity Number: 1 | ||
| 650 | _aComp-Sc | ||
| 700 |
_a" Dale Shepherd , Mark Martin,,," _924023 |
||
| 942 | _cBK | ||
| 999 |
_c35568 _d35568 |
||